[Event "EuTCh"]
[Site "Leon ESP"]
[Date "2001.11.08"]
[Round "3"]
[White "Zaja,I"]
[Black "Hector,J"]
[Result "0-1"]
[WhiteElo "2476"]
[BlackElo "2528"]
[EventDate "2001.11.06"]

1. d4 d5 2. Nf3 Nf6 3. c4 c6 4. Nc3 dxc4 5. a4 Bf5 6. Nh4 e6 7. Nxf5 exf5
8. e3 Bb4 9. Bxc4 O-O 10. O-O Nbd7 11. Bd2 Qa5 12. Qc2 Rac8 13. Rad1 c5 14.
Bb5 cxd4 15. exd4 a6 16. Bxd7 Nxd7 17. d5 g6 18. Bh6 Rfe8 19. d6 Bxc3 20.
bxc3 Qxc3 21. Qb1 b6 22. Rd3 Qf6 23. Be3 Rc6 24. Rfd1 Re6 25. Qb4 Re4 26.
Rd4 a5 27. Qa3 Rxd4 28. Rxd4 f4 29. Rxf4 Rxd6 30. Kf1 Qe6 31. Qb2 Nc5 32.
Rd4 Qe5 33. g3 Nxa4 34. Qd2 Rxd4 35. Bxd4 Qb5+ 36. Kg2 Qd5+ 37. f3 Nc5 38.
Qf4 Nd7 39. h4 a4 40. g4 a3 41. Bc3 a2 42. g5 a1=Q 0-1

[Event "EuTCh"]
[Site "Leon ESP"]
[Date "2001.11.08"]
[Round "3"]
[White "Brynell,S"]
[Black "Golubovic,B"]
[Result "1-0"]
[WhiteElo "2506"]
[BlackElo "2458"]
[EventDate "2001.11.06"]

1. e4 c5 2. Nf3 e6 3. c3 Nf6 4. e5 Nd5 5. d4 cxd4 6. cxd4 d6 7. Bc4 Nc6 8.
O-O Be7 9. exd6 Qxd6 10. Nc3 O-O 11. Re1 Rd8 12. Bb3 Nxc3 13. bxc3 b6 14.
Ng5 h6 15. Ne4 Qc7 16. Qh5 Na5 17. Bxh6 Nxb3 18. Qg4 g6 19. axb3 Bb7 20.
Re3 Rac8 21. Ng5 Bf6 22. Nxe6 fxe6 23. Qxg6+ Bg7 24. Rg3 Rd7 25. Rxa7 Rb8
26. Qxe6+ Kf8 27. Rf3+ Rf7 28. Rxf7+ Qxf7 29. Qd6+ 1-0

[Event "EuTCh"]
[Site "Leon ESP"]
[Date "2001.11.08"]
[Round "3"]
[White "Petrov,M"]
[Black "Ibrahimov,R"]
[Result "0-1"]
[WhiteElo "2451"]
[BlackElo "2404"]
[EventDate "2001.11.06"]

1. e4 d5 2. exd5 Qxd5 3. Nc3 Qa5 4. d4 Nf6 5. Nf3 c6 6. Ne5 Be6 7. Nc4 Qc7
8. Bg5 Nbd7 9. Qf3 g6 10. Ne3 Bg7 11. h4 O-O 12. O-O-O b5 13. g4 b4 14. Ne4
Qa5 15. Bxf6 Nxf6 16. Nxf6+ Bxf6 17. Qxc6 Qxa2 18. Qa6 b3 19. c3 Rfc8 20.
Qxa2 bxa2 21. Kd2 Rab8 22. b4 Rxc3 23. Kxc3 Bxd4+ 24. Kxd4 Rd8+ 25. Ke4
Rxd1 26. Nxd1 a1=Q 27. Ne3 Qb1+ 28. Kf3 Qxb4 29. Bd3 a5 30. h5 Qc3 31. Be4
Qf6+ 32. Ke2 Qe5 0-1

[Event "EuTCh"]
[Site "Leon ESP"]
[Date "2001.11.08"]
[Round "3"]
[White "Papaioannou,I"]
[Black "Stefansson,H"]
[Result "1-0"]
[WhiteElo "2591"]
[BlackElo "2575"]
[EventDate "2001.11.06"]

1. d4 Nf6 2. Nf3 e6 3. g3 b6 4. Bg2 Bb7 5. O-O Be7 6. c4 O-O 7. Re1 Qc8 8.
Nc3 Ne4 9. Nxe4 Bxe4 10. d5 Qb7 11. Nh4 Bxg2 12. Nxg2 d6 13. dxe6 fxe6 14.
Nf4 Qc8 15. Qa4 c6 16. e4 Nd7 17. Nd3 e5 18. Nb4 Nb8 19. Be3 Qb7 20. Rad1
a5 21. Nd3 Nd7 22. Qc2 Rf7 23. b3 Nf8 24. Rf1 Re8 25. Qe2 Ne6 26. Qg4 Bf8
27. f4 exf4 28. gxf4 Nc5 29. Bxc5 bxc5 30. e5 a4 31. bxa4 Qa6 32. exd6 Bxd6
33. Ne5 Rf6 34. Qd7 Ree6 35. Ng4 1-0

[Event "EuTCh"]
[Site "Leon ESP"]
[Date "2001.11.08"]
[Round "3"]
[White "Gunnarsson,J"]
[Black "Banikas,H"]
[Result "0-1"]
[WhiteElo "2386"]
[BlackElo "2526"]
[EventDate "2001.11.06"]

1. e4 c5 2. Nf3 Nc6 3. d4 cxd4 4. Nxd4 Qc7 5. Nc3 e6 6. g3 a6 7. Bg2 h5 8.
h3 Nf6 9. O-O Bc5 10. Be3 d6 11. Re1 Nxd4 12. Bxd4 e5 13. Bxc5 Qxc5 14. Re3
Be6 15. Rd3 Ke7 16. Qd2 Rac8 17. Rd1 Rhd8 18. Qg5 Kf8 19. R1d2 b5 20. Kh2
Bc4 21. Re3 Qa7 22. Nd1 Qe7 23. Kh1 b4 24. b3 Bb5 25. Re1 Rc5 26. Ne3 g6
27. Red1 Bc6 28. f3 Rc3 29. Nc4 Ne8 30. Qxe7+ Kxe7 31. Nxe5 Bb5 32. Nd3
Bxd3 33. cxd3 h4 34. gxh4 Ng7 35. Kg1 Rh8 36. Kf2 Rxh4 37. Ra1 a5 38. Ke3
f5 39. Rf1 Ne6 40. exf5 gxf5 41. f4 Rc5 42. Rdf2 d5 43. Kd2 Kd6 44. Re1 d4
45. Ref1 Rc3 46. Re1 Rc5 47. Bb7 Nxf4 48. Ba6 Nxh3 49. Rh2 Ng5 50. Rxh4
Nf3+ 51. Ke2 Nxh4 52. Rh1 Ng2 53. Kf3 Rc2 54. Bc4 Ke5 55. Rh6 Ne1+ 56. Kg3
Rg2+ 57. Kh3 Kf4 58. Rh4+ Rg4 0-1

[Event "EuTCh"]
[Site "Leon ESP"]
[Date "2001.11.08"]
[Round "3"]
[White "Nikolaidis,I"]
[Black "Thorfinnsson,Br"]
[Result "1-0"]
[WhiteElo "2524"]
[BlackElo "2393"]
[EventDate "2001.11.06"]

1. Nf3 Nf6 2. c4 c5 3. Nc3 d6 4. g3 b6 5. Bg2 Bb7 6. O-O e6 7. b3 Be7 8.
Bb2 O-O 9. d4 cxd4 10. Nxd4 Bxg2 11. Kxg2 Qc8 12. e3 Nbd7 13. f4 Qb7+ 14.
Qf3 Qxf3+ 15. Kxf3 Rfc8 16. Rfd1 a6 17. g4 Nc5 18. g5 Nfd7 19. h4 Ra7 20.
Rd2 Rac7 21. Rad1 Nf8 22. Nde2 Rb8 23. Nd4 Rbc8 24. Ba3 d5 25. cxd5 Nxb3
26. Nxb3 Bxa3 27. Ne4 exd5 28. Rxd5 Rc2 29. R1d2 Bb4 30. Rxc2 Rxc2 31. Nd4
Rxa2 32. Rd8 Be7 33. Re8 Bc5 34. Nf5 f6 35. gxf6 gxf6 36. Rc8 Kf7 37. Nxc5
bxc5 38. Rxc5 Ne6 39. Rd5 Nf8 40. Rc5 Ne6 41. Rc6 a5 42. Nh6+ Ke7 43. f5
Nd8 44. Ra6 Rh2 45. Ng8+ Kf7 46. Nxf6 Rxh4 47. Ng4 h5 48. Ne5+ Ke8 49. Ra8
Rh1 50. Nc6 Rd1 51. e4 a4 52. e5 a3 53. Nxd8 Rxd8 54. Rxa3 Rd1 55. Kf4 1-0

[Event "EuTCh"]
[Site "Leon ESP"]
[Date "2001.11.08"]
[Round "3"]
[White "Kristjansson,S"]
[Black "Halkias,S"]
[Result "0-1"]
[WhiteElo "2374"]
[BlackElo "2519"]
[EventDate "2001.11.06"]

1. e4 c5 2. Nf3 Nc6 3. d4 cxd4 4. Nxd4 Nf6 5. Nc3 e5 6. Ndb5 d6 7. Bg5 a6
8. Na3 b5 9. Bxf6 gxf6 10. Nd5 Bg7 11. c3 f5 12. Bd3 Ne7 13. Nxe7 Qxe7 14.
O-O O-O 15. Qh5 Rd8 16. Rad1 d5 17. exd5 e4 18. Bc2 Rd6 19. Bb3 Kh8 20. h3
Bd7 21. Nc2 Rg8 22. f4 Bf8 23. Kh1 Rg3 24. Rde1 Rdg6 25. Rf2 Qf6 26. Re3
Qb6 27. Rfe2 R3g4 28. Nd4 Rxf4 29. Re1 Qf6 30. Qe2 Rh4 31. Rf1 Bd6 32. Qf2
Qe5 33. Qg1 f4 34. Nf3 Rxh3+ 35. gxh3 Rxg1+ 36. Rxg1 Qh5 0-1

[Event "EuTCh"]
[Site "Leon ESP"]
[Date "2001.11.08"]
[Round "3"]
[White "Miezis,N"]
[Black "Stohl,I"]
[Result "1/2-1/2"]
[WhiteElo "2501"]
[BlackElo "2534"]
[EventDate "2001.11.06"]

1. c4 Nf6 2. Nc3 d5 3. cxd5 Nxd5 4. g3 e5 5. Bg2 Nb6 6. Nf3 Nc6 7. Rb1 Bg4
8. h3 Bf5 9. d3 f6 10. a3 Qd7 11. b4 Rb8 12. b5 Nd4 13. a4 Be6 14. Bd2 c5
15. bxc6 Nxc6 16. Rb5 Nc8 17. Ne4 b6 18. Qc1 N8e7 19. O-O Rc8 20. Qb1 Nf5
21. Bc3 Be7 22. a5 bxa5 23. Nc5 Bxc5 24. Rxc5 O-O 25. Rc1 a4 26. Qa1 Bb3
27. g4 Nfe7 28. Nd2 Nd4 29. Bxd4 exd4 30. Qb2 Rxc5 31. Rxc5 Rb8 32. Qc1 Rc8
33. Nxb3 axb3 34. Qc4+ Kf8 35. Rxc8+ Qxc8 36. Qxb3 Qc1+ 37. Bf1 Qc5 38.
Qb8+ Kf7 39. Bg2 a5 40. Be4 h5 41. f4 hxg4 42. hxg4 g5 43. Qb3+ Kg7 44. f5
Qb4 45. Qc2 Qc3 46. Qa2 a4 47. Qxa4 Qe1+ 48. Kg2 Qxe2+ 49. Kg3 Qe1+ 50. Kg2
Qe2+ 51. Kg3 1/2-1/2

[Event "EuTCh"]
[Site "Leon ESP"]
[Date "2001.11.08"]
[Round "3"]
[White "Markos,J"]
[Black "Krakops,M"]
[Result "0-1"]
[WhiteElo "2435"]
[BlackElo "2518"]
[EventDate "2001.11.06"]

1. d4 Nf6 2. c4 g6 3. Nc3 Bg7 4. e4 d6 5. Nf3 O-O 6. h3 Na6 7. Bg5 c6 8.
Be2 e5 9. d5 h6 10. Be3 Nh5 11. Qd2 cxd5 12. cxd5 Kh7 13. g4 Nf4 14. Bxf4
exf4 15. Qxf4 Qb6 16. Qd2 Nc5 17. O-O Bd7 18. Rab1 Rae8 19. Qc2 a5 20. Nd2
Qd8 21. Bb5 Qh4 22. Kg2 Bxg4 23. Rh1 Bd7 24. Nf3 Qd8 25. Rhe1 f5 26. Bxd7
Qxd7 27. exf5 Rxf5 28. Rxe8 Qxe8 29. Re1 Qd7 30. Re3 b5 31. Qe2 Rh5 32. Nh2
b4 33. Nb5 Qf7 34. Ng4 Qxd5+ 35. f3 Rf5 36. Re7 Nd3 37. Nc7 Nf4+ 38. Kf1
Qd4 39. Qe3 Qd1+ 40. Kf2 Qc2+ 41. Kf1 Qb1+ 42. Qe1 Qd3+ 43. Kg1 Qxf3 44.
Rxg7+ Kxg7 45. Qe7+ Rf7 46. Ne8+ Kh8 0-1

[Event "EuTCh"]
[Site "Leon ESP"]
[Date "2001.11.08"]
[Round "3"]
[White "Meijers,V"]
[Black "Likavsky,T"]
[Result "1/2-1/2"]
[WhiteElo "2465"]
[BlackElo "2403"]
[EventDate "2001.11.06"]

1. e4 c5 2. Nf3 d6 3. d4 cxd4 4. Nxd4 Nf6 5. Nc3 g6 6. Be3 Bg7 7. f3 Nc6 8.
Qd2 O-O 9. Bc4 Bd7 10. Bb3 Qa5 11. g4 Rfc8 12. h4 Ne5 13. h5 Rc4 14. Rf1
Rac8 15. hxg6 hxg6 16. g5 Rxc3 17. bxc3 Nh5 18. c4 Qa6 19. Rb1 Nxc4 20.
Bxc4 Rxc4 21. Kf2 Ra4 22. Rb2 Nf4 23. Re1 Ne6 24. c3 Nc5 25. Rd1 b6 26. Nb3
Nb7 27. Bd4 e5 28. Be3 Be6 29. Kg3 Qc4 30. Nc1 d5 31. Qe2 dxe4 32. Qxc4
Rxc4 33. Rb4 Rxc3 34. Rxe4 Bf5 35. Bd2 Rc8 36. Re2 Rd8 37. Rde1 Rc8 38. Bb4
Nc5 39. Rd2 Ne6 40. Be7 Bf8 41. Bf6 Nf4 42. Rd8 Nh5+ 43. Kf2 Nxf6 44. Rxc8
Ng4+ 45. fxg4 Bxc8 46. Kg3 Be6 47. Nd3 Bxa2 48. Ra1 Bc4 49. Nb2 Bb5 50.
Rxa7 Bc5 51. Na4 Bxa4 52. Rxa4 Kf8 53. Kf3 Ke7 54. Ke4 Ke6 55. Ra7 Bd4 56.
Ra8 f5+ 57. gxf6 Kxf6 58. Re8 Kg5 59. Kf3 Kf6 60. Ke4 Bc3 61. Rc8 Bd4 62.
Re8 Kg5 63. Kf3 1/2-1/2

[Event "EuTCh"]
[Site "Leon ESP"]
[Date "2001.11.08"]
[Round "3"]
[White "D'Amore,C"]
[Black "Sutovsky,E"]
[Result "0-1"]
[WhiteElo "2456"]
[BlackElo "2664"]
[EventDate "2001.11.06"]

1. e4 c5 2. Nf3 d6 3. d4 cxd4 4. Nxd4 Nf6 5. f3 Nc6 6. c4 Qb6 7. Nc2 g6 8.
Nc3 Bg7 9. Qd3 Nd7 10. Nd5 Qd8 11. Be2 Nc5 12. Qa3 f5 13. exf5 Bxf5 14.
Nde3 Qb6 15. Nxf5 gxf5 16. Rb1 Nd4 17. Nxd4 Bxd4 18. Be3 Ne6 19. Bxd4 Nxd4
20. Qa4+ Kf7 21. c5 Qxc5 22. Qc4+ Qxc4 23. Bxc4+ Kf6 24. Kf2 Rac8 25. Bd3
e5 26. g4 fxg4 27. fxg4 d5 28. Rbd1 h5 29. g5+ Kxg5 30. Rhg1+ Kf4 31. Rg7
Rhf8 32. Bg6 Kg5+ 0-1

[Event "EuTCh"]
[Site "Leon ESP"]
[Date "2001.11.08"]
[Round "3"]
[White "Avrukh,B"]
[Black "Belotti,B"]
[Result "1-0"]
[WhiteElo "2606"]
[BlackElo "2403"]
[EventDate "2001.11.06"]

1. d4 d5 2. c4 c6 3. Nc3 Nf6 4. e3 a6 5. Qc2 b5 6. b3 e6 7. Nf3 Nbd7 8. Be2
Bb7 9. O-O Be7 10. c5 Qc7 11. Bb2 O-O 12. Bd3 g6 13. Ne2 a5 14. Nf4 Ne8 15.
h4 Ng7 16. g3 Bf6 17. e4 dxe4 18. Bxe4 e5 19. dxe5 Nxe5 20. Nd2 Rad8 21.
Rfe1 Bc8 22. a4 Bf5 23. Kg2 Nd7 24. h5 Bxb2 25. Qxb2 Qe5 26. Qxe5 Nxe5 27.
Bxf5 Nxf5 28. Rxe5 Rxd2 29. axb5 cxb5 30. Rxa5 Rb8 31. b4 Kg7 32. Ra6 Rbd8
33. Rb6 Rb2 34. Rxb5 Rdd2 35. Nh3 Rb3 36. Rxf5 gxf5 37. Rb6 Rc2 38. h6+ Kf8
39. Nf4 Ke7 40. Nd5+ Kd7 41. Rd6+ Kc8 42. Rf6 Kd7 43. Rxf5 Ke6 44. g4 f6
45. Nf4+ Ke7 46. Nd5+ Ke6 47. Nxf6 Rxb4 48. Kg3 Rc1 49. f3 Rh1 50. Nxh7
Rxh6 51. Ng5+ Ke7 52. Rf7+ Ke8 53. Ra7 Rc4 54. Ne4 Kf8 55. g5 Rc6 56. Rd7
Ke8 57. Rd5 Ke7 58. Kf4 Rc1 59. Kf5 Rc8 60. Re5+ Kf8 61. Kg6 Rf1 62. Nd6
Rd8 63. Rf5+ Ke7 64. Kg7 1-0

[Event "EuTCh"]
[Site "Leon ESP"]
[Date "2001.11.08"]
[Round "3"]
[White "Salmensuu,O"]
[Black "Oral,T"]
[Result "1/2-1/2"]
[WhiteElo "2436"]
[BlackElo "2546"]
[EventDate "2001.11.06"]

1. e4 c5 2. Nf3 Nc6 3. c3 d5 4. exd5 Qxd5 5. d4 Bg4 6. Be2 cxd4 7. cxd4 e6
8. Nc3 Qd6 9. h3 Bh5 10. Be3 Nf6 11. Qb3 Be7 12. Ne5 Qb4 13. Bb5 Rc8 14.
O-O O-O 15. Bxc6 bxc6 16. Qxb4 Bxb4 17. Rfc1 Bg6 18. Na4 Be4 19. Nc3 Bd5
20. Na4 Be4 21. Nc3 Bf5 22. Na4 Be4 1/2-1/2

[Event "EuTCh"]
[Site "Leon ESP"]
[Date "2001.11.08"]
[Round "3"]
[White "Navara,D"]
[Black "Kallio,H"]
[Result "1-0"]
[WhiteElo "2499"]
[BlackElo "2517"]
[EventDate "2001.11.06"]

1. e4 d6 2. d4 Nf6 3. Nc3 g6 4. Be3 Bg7 5. Qd2 Nc6 6. f3 e5 7. Nge2 O-O 8.
O-O-O exd4 9. Nxd4 Re8 10. g4 Bd7 11. h4 Ne5 12. Be2 h5 13. gxh5 Nxh5 14.
Bg5 f6 15. Be3 a6 16. Rhg1 c5 17. Nb3 c4 18. Nd4 b5 19. f4 b4 20. fxe5 bxc3
21. Qxc3 fxe5 22. Rxg6 exd4 23. Bxd4 Bf5 24. exf5 Nf4 25. Bxc4+ 1-0

[Event "EuTCh"]
[Site "Leon ESP"]
[Date "2001.11.08"]
[Round "3"]
[White "Norri,J"]
[Black "Votava,J"]
[Result "0-1"]
[WhiteElo "2418"]
[BlackElo "2503"]
[EventDate "2001.11.06"]

1. Nf3 Nf6 2. c4 c5 3. Nc3 d5 4. cxd5 Nxd5 5. e4 Nxc3 6. dxc3 Qc7 7. g3 Nc6
8. Bg2 e5 9. O-O Be7 10. Nd2 Be6 11. Qe2 Bg5 12. Rd1 O-O-O 13. Nf1 Rxd1 14.
Qxd1 Rd8 15. Qc2 Bxc1 16. Rxc1 Rd6 17. Ne3 Qd8 18. Nd5 f5 19. c4 Nd4 20.
Qd3 f4 21. b4 Ra6 22. a3 Qf8 23. gxf4 exf4 24. bxc5 Qxc5 25. Nxf4 Rxa3 26.
Nxe6 Rxd3 27. Nxc5 Ne2+ 28. Kf1 Nxc1 29. Nxd3 Nxd3 0-1

[Event "EuTCh"]
[Site "Leon ESP"]
[Date "2001.11.08"]
[Round "3"]
[White "Meduna,E"]
[Black "Holmsten,A"]
[Result "1-0"]
[WhiteElo "2471"]
[BlackElo "2422"]
[EventDate "2001.11.06"]

1. d4 Nf6 2. Nf3 g6 3. Nbd2 d5 4. e3 c5 5. c3 cxd4 6. exd4 Bg7 7. Bd3 Nc6
8. O-O O-O 9. Re1 Re8 10. h3 Nd7 11. Nb3 f6 12. a4 e5 13. dxe5 fxe5 14. Bb5
Nf8 15. Bg5 Qd6 16. Nbd2 Qc7 17. Bh4 a6 18. Bf1 Kh8 19. c4 Be6 20. cxd5
Bxd5 21. Bc4 Bxc4 22. Nxc4 e4 23. Nfd2 Nb4 24. Bg3 Qc6 25. Qb3 Nd3 26. Nd6
Re6 27. N2xe4 Nxe1 28. Rxe1 Re7 29. Ng5 h6 1-0

[Event "EuTCh"]
[Site "Leon ESP"]
[Date "2001.11.08"]
[Round "3"]
[White "Moreno Carnero,J"]
[Black "Fernandes,An"]
[Result "1/2-1/2"]
[WhiteElo "2514"]
[BlackElo "2457"]
[EventDate "2001.11.06"]

1. e4 c6 2. d4 d5 3. Nc3 dxe4 4. Nxe4 Nd7 5. Ng5 Ndf6 6. N5f3 Bg4 7. Bc4 e6
8. h3 Bxf3 9. Nxf3 Bd6 10. Qe2 Ne7 11. O-O Qc7 12. Bb3 O-O 13. Bg5 Nfd5 14.
c4 Nf4 15. Qe4 Neg6 16. c5 Be7 17. Bxe7 Qxe7 18. h4 Rfd8 19. g3 Nd5 20.
Rfe1 Qf6 21. Rad1 Nge7 22. Ne5 h5 23. Rd3 g6 24. a3 Nf5 25. Bc4 Rac8 26. b4
Rc7 27. Red1 Qg7 28. Qe1 a6 29. a4 g5 30. hxg5 Qxg5 31. Nf3 Qg4 32. Qe5 Re7
33. Nh2 Qg7 34. Qxg7+ Kxg7 35. b5 Nb4 36. R3d2 e5 37. dxe5 Rxd2 38. Rxd2
axb5 39. axb5 cxb5 40. Bxb5 Rxe5 41. Rb2 1/2-1/2

[Event "EuTCh"]
[Site "Leon ESP"]
[Date "2001.11.08"]
[Round "3"]
[White "Damaso,R"]
[Black "Arizmendi Martinez,J"]
[Result "1/2-1/2"]
[WhiteElo "2414"]
[BlackElo "2503"]
[EventDate "2001.11.06"]

1. c4 Nf6 2. Nc3 g6 3. Nf3 Bg7 4. e4 d6 5. d4 O-O 6. Be2 Na6 7. Bf4 Bg4 8.
e5 Nh5 9. Be3 c5 10. exd6 Qxd6 11. Nb5 Qb8 12. d5 1/2-1/2

[Event "EuTCh"]
[Site "Leon ESP"]
[Date "2001.11.08"]
[Round "3"]
[White "Cobb,J"]
[Black "Shaw,J"]
[Result "0-1"]
[WhiteElo "2335"]
[BlackElo "2499"]
[EventDate "2001.11.06"]

1. e4 c5 2. Nf3 Nc6 3. Bb5 g6 4. O-O Bg7 5. c3 Nf6 6. Re1 O-O 7. h3 e5 8.
d3 d6 9. Nbd2 Qc7 10. Nf1 a6 11. Ba4 b5 12. Bb3 Na5 13. Bc2 Bb7 14. Ne3
Rad8 15. Ng4 Nh5 16. a3 Nf4 17. b4 Nc6 18. Bb3 c4 19. dxc4 bxc4 20. Bxc4
Nxb4 21. cxb4 Qxc4 22. Bxf4 exf4 23. Rc1 Qb5 24. Nd4 Qb6 25. Ne2 Bxe4 26.
Nxf4 Qb7 27. Qd2 h5 28. Ne3 Bh6 29. g3 Bxf4 30. gxf4 d5 31. Qd4 Rfe8 32. f5
Qe7 33. f6 Qd7 34. Kh2 Qd6+ 35. Kg1 Qf4 36. Rcd1 Qf3 37. Kf1 Qxh3+ 38. Ke2
Bf3+ 39. Kd2 Bxd1 40. Nxd5 Qd7 41. Re7 Qb5 42. Rxe8+ Qxe8 0-1

[Event "EuTCh"]
[Site "Leon ESP"]
[Date "2001.11.08"]
[Round "3"]
[White "May,F"]
[Black "Muir,A"]
[Result "0-1"]
[WhiteElo "2174"]
[BlackElo "2313"]
[EventDate "2001.11.06"]

1. d4 d5 2. Nf3 Nf6 3. g3 e6 4. Bg2 Be7 5. O-O O-O 6. c4 dxc4 7. Qa4 a6 8.
Qxc4 b5 9. Qc2 Bb7 10. Rd1 Be4 11. Qb3 Nc6 12. e3 Bd5 13. Qc3 Ne4 14. Qe1
Nb4 15. Na3 Nxa2 16. Bd2 b4 17. Rxa2 bxa3 18. Rxa3 Bxa3 19. bxa3 Nxd2 20.
Nxd2 Bxg2 21. Kxg2 Qd6 22. Rc1 Qxa3 23. Rxc7 Rfc8 24. Nc4 Qb3 25. Rxc8+
Rxc8 26. Ne5 Qd5+ 27. Nf3 a5 28. e4 Qb5 29. Ne5 0-1

[Event "EuTCh"]
[Site "Leon ESP"]
[Date "2001.11.08"]
[Round "3"]
[White "Berry,N"]
[Black "Varley,P"]
[Result "1-0"]
[WhiteElo "2255"]
[BlackElo "2197"]
[EventDate "2001.11.06"]

1. Nf3 Nf6 2. c4 g6 3. Nc3 d5 4. Qa4+ c6 5. cxd5 Nxd5 6. Nxd5 Qxd5 7. e4
Qd8 8. d4 Bg7 9. Be2 Nd7 10. O-O Nb6 11. Qd1 Bg4 12. Be3 Bxf3 13. gxf3 O-O
14. a4 e5 15. dxe5 Bxe5 16. a5 Nd7 17. f4 Bc7 18. a6 b6 19. e5 Qe7 20. Qc2
c5 21. Rac1 Rad8 22. Rfd1 Nb8 23. Bb5 Qe6 24. Qe2 Nc6 25. Qf3 Nb4 26. Bd2
Qd5 27. Qg4 Qe4 28. Rc4 Rd4 29. Rxd4 Qxd4 30. e6 Qf6 31. Bc4 h5 32. exf7+
Kh7 33. Qg5 Qd6 34. Bb3 Nd3 35. Be3 b5 36. f5 Qxh2+ 37. Kf1 Nf4 38. Bxf4
Qh3+ 39. Kg1 Bxf4 40. fxg6+ Kg7 41. Qxf4 Qxb3 42. Qe5+ Kh6 43. Rd6 1-0

[Event "EuTCh"]
[Site "Leon ESP"]
[Date "2001.11.08"]
[Round "3"]
[White "Bogdanovski,V"]
[Black "Sommerbauer,N"]
[Result "1/2-1/2"]
[WhiteElo "2430"]
[BlackElo "2410"]
[EventDate "2001.11.06"]

1. Nf3 d5 2. d4 c6 3. e3 Nf6 4. c4 Bf5 5. Nc3 e6 6. Nh4 Be4 7. f3 Bg6 8.
Qb3 Qb6 9. Nxg6 hxg6 10. Bd2 Nbd7 11. O-O-O Be7 12. Bd3 O-O-O 13. h3 Kb8
14. Rhe1 Ka8 15. c5 Qxb3 16. axb3 e5 17. b4 a6 18. Kc2 Rde8 19. Ra1 Kb8 20.
e4 dxe4 21. Nxe4 Nd5 1/2-1/2

[Event "EuTCh"]
[Site "Leon ESP"]
[Date "2001.11.08"]
[Round "3"]
[White "Danner,G"]
[Black "Mitkov,N"]
[Result "0-1"]
[WhiteElo "2416"]
[BlackElo "2514"]
[EventDate "2001.11.06"]

1. d4 Nf6 2. c4 e6 3. Nc3 Bb4 4. e3 O-O 5. Bd3 d5 6. Nf3 Nc6 7. O-O a6 8.
h3 h6 9. a3 dxc4 10. Bxc4 Bd6 11. e4 e5 12. Be3 b5 13. Ba2 Bb7 14. Re1 Re8
15. d5 Ne7 16. Nh4 Bc8 17. g4 Ng6 18. Nf5 Nh7 19. a4 b4 20. Ne2 Bxf5 21.
exf5 Nf4 22. Bxf4 exf4 23. Kg2 Qh4 24. Ng1 Ng5 25. Qd3 f3+ 26. Kf1 Bh2 27.
Rxe8+ Rxe8 28. Re1 Rxe1+ 29. Kxe1 Bxg1 30. Qxa6 Qxf2+ 31. Kd1 Qxb2 0-1

[Event "EuTCh"]
[Site "Leon ESP"]
[Date "2001.11.08"]
[Round "3"]
[White "Nedev,T"]
[Black "Volkmann,F"]
[Result "1/2-1/2"]
[WhiteElo "2514"]
[BlackElo "2414"]
[EventDate "2001.11.06"]

1. e4 e5 2. Nf3 Nf6 3. Nxe5 Nxe4 4. Qe2 Qe7 5. Qxe4 d6 6. d4 dxe5 7. dxe5
Nc6 8. Bb5 Bd7 9. Nc3 Qb4 10. Bd2 Qxe4+ 11. Nxe4 Nxe5 12. Bxd7+ Nxd7 13.
O-O-O f6 14. Bc3 O-O-O 15. Rhe1 Re8 16. Re3 Bc5 17. Nxc5 Nxc5 18. Rde1 Rxe3
19. Rxe3 Kd7 20. Rg3 Ne6 21. h4 h5 22. a4 Ke7 23. Rf3 Rd8 24. g3 1/2-1/2

[Event "EuTCh"]
[Site "Leon ESP"]
[Date "2001.11.08"]
[Round "3"]
[White "Baumegger,S"]
[Black "Stamenkov,V"]
[Result "1/2-1/2"]
[WhiteElo "2395"]
[BlackElo "2378"]
[EventDate "2001.11.06"]

1. e4 c5 2. Nf3 e6 3. d4 cxd4 4. Nxd4 a6 5. Bd3 Nc6 6. Nxc6 dxc6 7. Nd2 e5
8. Qh5 Bd6 9. Nc4 Bc7 10. Bg5 Nf6 11. Qh4 b5 12. Ne3 Be6 13. O-O O-O 14.
Rfd1 h6 15. Bxf6 Qxf6 16. Qxf6 gxf6 17. Nf5 Kh7 18. Ne7 c5 19. Nd5 Bxd5 20.
exd5+ Kg7 21. a4 c4 22. Be4 Bd6 23. axb5 axb5 24. Bf5 Rfd8 25. Kf1 b4 26.
Ke2 Kf8 27. Kf3 Ke7 28. h4 b3 29. cxb3 cxb3 30. Rxa8 Rxa8 31. Rd3 Ra4 32.
g3 Rb4 33. Rc3 e4+ 34. Bxe4 Be5 35. Rc6 Bxb2 36. d6+ Kd7 37. Ra6 Rb8 38.
Bf5+ Kd8 39. Kg4 Bd4 40. Rc6 Bb6 41. d7 Bc7 42. Rc1 b2 43. Re1 Ba5 44. Re8+
Kc7 45. Rc8+ Kb7 46. Be4+ Ka7 47. Rxb8 Kxb8 48. Kh5 Kc7 49. Kxh6 Be1 50. h5
Bxf2 51. g4 Kxd7 52. Kg7 Be3 53. Bf5+ Ke7 54. h6 Bxh6+ 1/2-1/2

[Event "EuTCh"]
[Site "Leon ESP"]
[Date "2001.11.08"]
[Round "3"]
[White "Seitaj,I"]
[Black "Wagener,C"]
[Result "1/2-1/2"]
[WhiteElo "2386"]
[BlackElo "2183"]
[EventDate "2001.11.06"]

1. e4 e6 2. d4 d5 3. Nc3 Bb4 4. e5 c5 5. Bd2 Ne7 6. a3 Bxc3 7. Bxc3 Nbc6 8.
Nf3 cxd4 9. Bxd4 Nxd4 10. Qxd4 O-O 11. Bd3 Nc6 12. Qe3 f6 13. O-O Nxe5 14.
Nxe5 fxe5 15. Qxe5 Qf6 16. Rae1 Bd7 17. f4 Rae8 18. c3 Bc6 19. Rf2 Rf7 20.
g3 Qh6 21. h4 a6 22. Qg5 Qf6 23. Re5 Rfe7 24. Qh5 g6 25. Qg4 Bb5 26. Bc2
Rd8 27. Rd2 Rd6 28. h5 Be8 29. h6 Rc7 30. Bb3 Bf7 31. Qg5 Qxg5 32. Rxg5
Rcd7 33. Re5 Kf8 34. Kf2 Rd8 35. Ke3 Rb6 36. Bd1 Rc8 37. Be2 Ke7 38. g4 Kf6
39. Bf3 Be8 40. Kf2 Bb5 41. Kg3 Bc4 42. Kh4 Rd8 43. Re1 Rbd6 44. g5+ Kf7
45. Kg3 Rb6 46. Re3 Rc8 47. Bg4 Rcc6 48. Kf2 Ba2 49. Red3 Bc4 50. Rd4 a5
51. Ke3 Rc7 52. Rf2 Ke7 53. Rd1 Kd6 54. Re1 Re7 55. Kd4 Rc6 56. Re5 Ba2 57.
Ke3 Bb1 58. Bf3 Bf5 59. Rd2 Rc5 60. Rd4 b5 61. Kd2 Rec7 62. Re3 Rc4 63. Re2
Rxd4+ 64. cxd4 Rc4 65. Ke3 b4 66. axb4 axb4 67. Rd2 Rc1 68. Rd1 Rc2 69. Rd2
Rc1 70. Rd1 Rc2 1/2-1/2

[Event "EuTCh"]
[Site "Leon ESP"]
[Date "2001.11.08"]
[Round "3"]
[White "Brittner,S"]
[Black "Rama,L"]
[Result "0-1"]
[WhiteElo "2202"]
[BlackElo "2311"]
[EventDate "2001.11.06"]

1. d4 Nf6 2. c4 g6 3. Nc3 Bg7 4. e4 d6 5. Nf3 O-O 6. Be2 e5 7. O-O Nc6 8.
d5 Ne7 9. b4 Nh5 10. Qc2 Nf4 11. Bxf4 exf4 12. Rad1 h6 13. c5 g5 14. e5 Bf5
15. Bd3 Bxd3 16. Qxd3 dxe5 17. Rfe1 Ng6 18. Qb5 g4 19. Nd2 Rb8 20. d6 c6
21. Qc4 Qd7 22. Nb3 Kh8 23. b5 f5 24. bxc6 bxc6 25. Qa4 e4 26. Nd5 g3 27.
hxg3 fxg3 28. fxg3 Be5 29. Re3 Rf7 30. Nc3 Rg8 31. Ne2 f4 32. gxf4 Nxf4 33.
Nxf4 Rxf4 34. Re2 e3 35. Qa3 Qg4 36. Rde1 Rf2 0-1

[Event "EuTCh"]
[Site "Leon ESP"]
[Date "2001.11.08"]
[Round "3"]
[White "Arduman,C"]
[Black "Quinn,M"]
[Result "1/2-1/2"]
[WhiteElo "2379"]
[BlackElo "2387"]
[EventDate "2001.11.06"]

1. d4 Nf6 2. Nf3 e6 3. c4 c5 4. d5 d6 5. Nc3 exd5 6. cxd5 g6 7. e4 Bg7 8.
h3 O-O 9. Bd3 Nh5 10. O-O Nd7 11. Be3 a6 12. a4 b6 13. Qd2 Ne5 14. Nxe5
Bxe5 15. f4 Bg7 16. Qf2 f5 17. exf5 gxf5 18. Qf3 Nf6 19. Rae1 Ra7 20. Bf2
Re8 21. Qd1 Rae7 22. Rxe7 Rxe7 23. Qc2 Qd7 24. Qb3 1/2-1/2

[Event "EuTCh"]
[Site "Leon ESP"]
[Date "2001.11.08"]
[Round "3"]
[White "Heidenfeld,M"]
[Black "Haznedaroglu,K"]
[Result "1/2-1/2"]
[WhiteElo "2382"]
[BlackElo "2328"]
[EventDate "2001.11.06"]

1. e4 c5 2. Nf3 Nc6 3. d4 cxd4 4. Nxd4 Nf6 5. Nc3 e5 6. Ndb5 d6 7. a4 a6 8.
Na3 Bg4 9. f3 Be6 10. Bc4 Rc8 11. O-O Nb4 12. Nd5 Nbxd5 13. exd5 Bd7 14.
Bb3 Be7 15. Be3 O-O 16. Qd2 Bf5 17. a5 Nd7 18. Ba2 Bf6 19. c4 h6 20. Bb1
Bxb1 21. Raxb1 Bg5 22. Bxg5 1/2-1/2

[Event "EuTCh"]
[Site "Leon ESP"]
[Date "2001.11.08"]
[Round "3"]
[White "Atakisi,U"]
[Black "Brady,S"]
[Result "0-1"]
[WhiteElo "2278"]
[BlackElo "2333"]
[EventDate "2001.11.06"]

1. e4 e6 2. d4 d5 3. Nc3 Nf6 4. Bg5 Be7 5. e5 Nfd7 6. Bxe7 Qxe7 7. f4 O-O
8. Nf3 c5 9. dxc5 Nc6 10. Qd2 Qxc5 11. O-O-O Nb6 12. h4 Bd7 13. h5 Rfc8 14.
h6 g6 15. Qe1 Nb4 16. Nd4 Na4 17. a3 Nxc3 18. axb4 Na2+ 19. Kb1 Nxb4 20. c3
Nc6 21. Nxc6 bxc6 22. Qh4 f5 23. exf6 Rab8 24. Rh3 e5 25. fxe5 Bf5+ 26. Kc1
Qb6 27. b4 Qc7 28. Re3 Qf7 29. e6 Bxe6 30. Rxe6 Qxe6 31. Re1 Qd6 32. Re7
Rf8 33. Rg7+ Kh8 34. f7 Qe5 35. Kc2 Rb7 36. Bd3 Re7 37. Qg4 Qf6 38. Kb3
Rexf7 39. Rxf7 Qxf7 40. Qd4+ Kg8 41. g4 Re8 42. Qc5 Qd7 43. g5 Rf8 44. Qe3
Rf7 45. Qc5 Rf3 46. Be2 Rf8 47. Bd3 Re8 48. Qd4 Re6 49. Qg4 c5 50. Bb5 c4+
51. Kb2 Qe7 52. Qd4 Re2+ 53. Ka3 Qe5 54. Bc6 Qxd4 55. cxd4 Re3+ 56. Ka4 c3
57. Bxd5+ Kf8 58. Kb3 Rd3 59. Be6 Rxd4 60. Kxc3 Re4 61. Bd7 Re5 62. b5 Rxg5
63. Kb4 Ke7 64. Bc8 Kd8 0-1